000 00384nam a22001457a 4500
003 URS
005 20220114172001.0
008 180901b xxu||||| |||| 00| 0 eng d
020 _a9780078127793
050 1 4 _aD21
_bA615 2010
100 1 _aMitchell, Joseph R.,
_d2010-
_eauthor
245 1 0 _aWorld history :
_cJoseph R. Mitchell.
_bvolume 1 /
250 _a10th edition
942 _2lcc
_cFR
999 _c15363
_d15363